Online Catalogue and eLibrary

Ladakata ath welak (Record no. 659)

MARC details
000 -LEADER
fixed length control field 00389nam a2200157Ia 4500
005 - DATE AND TIME OF LATEST TRANSACTION
control field 20250617022935.0
008 - FIXED-LENGTH DATA ELEMENTS--GENERAL INFORMATION
fixed length control field 240331s9999 xx 000 0 und d
020 ## - INTERNATIONAL STANDARD BOOK NUMBER
ISBN 955202272X
082 ## - DDC Classification
Class No. 001
Item Number - Author Mark DAY
100 ## - MAIN ENTRY--PERSONAL NAME
Personal name Dayarathne, S
245 #0 - TITLE STATEMENT
Title Ladakata ath welak
260 ## - PUBLICATION, DISTRIBUTION, ETC.
Place of publication, distribution, etc. Colombo
Name of publisher, distributor, etc. S. Godage & Brothers
Date of publication, distribution, etc. 1998
300 ## - PHYSICAL DESCRIPTION
Extent (e.g. Volumes, Pages etc.) 304 p .,
500 ## - GENERAL NOTE
General note A book on Hand for a child
942 ## - Koha item type (Biblio)
Koha item type Books in Stacks (Lending)
Holdings
Lost status Damaged status Collection code Home library Current library Shelving location Date acquired Full call number Accession Number Item type
    Lending WERC Library WERC Library Social Science Cupboard 03/31/2024 001 DAY 4159 Books in Stacks (Lending)

© WERC Library